[Event "BL 1112 Schachfr. Berlin - SV Hockenhei"]
[Site "?"]
[Date "2012.02.26"]
[Round "11.2"]
[White "Antoniewski, Rafal"]
[Black "Buhmann, Rainer"]
[Result "1/2-1/2"]
[WhiteElo "2585"]
[BlackElo "2606"]
[PlyCount "194"]
[EventDate "2012.??.??"]

1. e4 e5 2. Nf3 Nc6 3. Bc4 Nf6 4. d3 Be7 5. O-O O-O 6. Re1 d6 7. a4 h6 8. c3
Nh7 9. a5 a6 10. Nbd2 Ng5 11. h3 Kh8 12. d4 f5 13. dxe5 Nxe5 14. Nxe5 dxe5 15.
exf5 Bxf5 16. Nf1 Qxd1 17. Rxd1 Rad8 18. Be3 Ne4 19. Bd5 Nd6 20. Bc5 c6 21. Bb3
Nc8 22. Bxe7 Nxe7 23. Rxd8 Rxd8 24. Re1 Ng6 25. Ng3 Bd7 26. Bc2 Be8 27. b4 Kg8
28. Bxg6 Bxg6 29. Rxe5 Rd1+ 30. Kh2 Kf8 31. Ne2 Bf7 32. Nd4 Rc1 33. Rc5 g6 34.
h4 Ke7 35. h5 gxh5 36. Nf5+ Kf6 37. Nd6 Bd5 38. c4 Be6 39. Rxh5 Kg6 40. Re5 Kf6
41. f4 Rb1 42. b5 cxb5 43. Ne4+ Kf7 44. cxb5 axb5 45. Nd6+ Kf6 46. Nxb5 Rb4 47.
Nc7 Bf7 48. Kg3 Rb3+ 49. Kh4 Rb4 50. g3 Rb1 51. Kh3 Rb2 52. Nd5+ Kg7 53. Nb6
Rd2 54. g4 Kf6 55. Rf5+ Kg7 56. Rc5 Rd4 57. Kg3 Rd3+ 58. Kf2 Ra3 59. Nd7 Be6
60. Ne5 Kf6 61. Rb5 Ra2+ 62. Ke3 Ra3+ 63. Kd2 Ra4 64. f5 Bc8 65. Rc5 Re4 66.
Nc4 Bd7 67. Ne3 Bc6 68. Kd3 Ra4 69. Kc3 Re4 70. Kd2 Ra4 71. Kc3 Re4 72. Nc4
Rxg4 73. a6 Rg3+ 74. Kb4 bxa6 75. Rxc6+ Kxf5 76. Rxh6 Rg6 77. Rh8 Rg1 78. Ka5
Ra1+ 79. Kb6 Ke6 80. Na5 Rb1+ 81. Kxa6 Kd5 82. Rd8+ Ke6 83. Nc4 Rb4 84. Nb6 Rb1
85. Kb7 Rc1 86. Rd2 Ke5 87. Nd7+ Ke4 88. Kb6 Ke3 89. Rd6 Ke2 90. Nc5 Rd1 91.
Re6+ Kf3 92. Kc6 Kf4 93. Rf6+ Ke5 94. Rh6 Kf5 95. Rh5+ Kg4 96. Rh8 Kf3 97. Ne6
Ke4 1/2-1/2

[Event "BL 1112 Schachfr. Berlin - SV Hockenhei"]
[Site "?"]
[Date "2012.02.26"]
[Round "11.3"]
[White "Lenic, Luka"]
[Black "Michalik, Peter"]
[Result "1/2-1/2"]
[WhiteElo "2641"]
[BlackElo "2511"]
[PlyCount "95"]
[EventDate "2012.??.??"]

1. d4 d5 2. c4 c6 3. e3 Nf6 4. Nc3 g6 5. Nf3 Bg7 6. Be2 O-O 7. O-O a6 8. Qb3 e6
9. Rd1 Nbd7 10. Bd2 Re8 11. Be1 Qb6 12. Qc2 e5 13. cxd5 cxd5 14. dxe5 Nxe5 15.
Na4 Qd6 16. Qc5 Qxc5 17. Nxc5 b6 18. Na4 Ned7 19. Rac1 b5 20. Nc3 Nb6 21. b3
Bb7 22. Bd3 Rac8 23. Ne2 Nbd7 24. h3 Nc5 25. Bb1 Ne6 26. Nfd4 Bf8 27. Rxc8 Rxc8
28. Bc3 Ne4 29. Bb2 Nxd4 30. Bxd4 b4 31. f3 Ng5 32. Kf2 Ne6 33. Be5 a5 34. Bd3
Be7 35. Rd2 f6 36. Bb2 Kf7 37. Bb5 Bd6 38. Bd7 Rd8 39. Bb5 Rc8 40. Bd7 Rd8 41.
Ba4 Be5 42. Bb5 Ke7 43. Ke1 Rc8 44. Kd1 Rc5 45. Bd3 Rc8 46. Bc1 f5 47. Rc2 Kd6
48. Rxc8 1/2-1/2

[Event "BL 1112 Schachfr. Berlin - SV Hockenhei"]
[Site "?"]
[Date "2012.02.26"]
[Round "11.4"]
[White "Lauber, Arnd"]
[Black "Baramidze, David"]
[Result "0-1"]
[WhiteElo "2464"]
[BlackElo "2591"]
[PlyCount "48"]
[EventDate "2012.??.??"]

1. d4 Nf6 2. c4 e6 3. Nc3 Bb4 4. e3 c5 5. Nf3 O-O 6. Bd3 Bxc3+ 7. bxc3 d6 8. e4
e5 9. dxe5 dxe5 10. Nxe5 Re8 11. f4 Nbd7 12. Nxd7 Nxe4 13. Ne5 Qh4+ 14. g3 Nxg3
15. hxg3 Qxh1+ 16. Kd2 Qxd1+ 17. Kxd1 f6 18. Nf3 Bg4 19. Be2 Rad8+ 20. Bd2 Rd7
21. Rb1 Rde7 22. Ng1 Bxe2+ 23. Nxe2 Rxe2 24. Rxb7 Rg2 0-1

[Event "BL 1112 Schachfr. Berlin - SV Hockenhei"]
[Site "?"]
[Date "2012.02.26"]
[Round "11.5"]
[White "Saric, Ivan"]
[Black "Schneider, Ilja"]
[Result "1-0"]
[WhiteElo "2643"]
[BlackElo "2472"]
[PlyCount "113"]
[EventDate "2012.??.??"]

1. e4 c5 2. Nf3 e6 3. d4 cxd4 4. Nxd4 Nf6 5. Nc3 Nc6 6. Ndb5 Bb4 7. a3 Bxc3+ 8.
Nxc3 d5 9. exd5 exd5 10. Bd3 O-O 11. O-O h6 12. h3 Re8 13. Bf4 a6 14. Re1 Rxe1+
15. Qxe1 d4 16. Na4 Be6 17. Nc5 Qe7 18. b4 Re8 19. Rd1 Nd5 20. Bd2 a5 21. Nxe6
Qxe6 22. Qxe6 fxe6 23. bxa5 Ra8 24. Re1 Kf7 25. Rb1 Nxa5 26. Rb5 b6 27. Be4 Nc4
28. Rxd5 Nxd2 29. Rd7+ Ke8 30. Bc6 Rc8 31. Ba4 Kf8 32. Rxd4 Rc4 33. Rd8+ Ke7
34. Rd7+ Kf6 35. Ra7 b5 36. Bxb5 Rxc2 37. g3 g5 38. Be2 Ne4 39. Bd3 Rc1+ 40.
Kg2 Nc5 41. Bb5 Ne4 42. a4 h5 43. a5 g4 44. hxg4 hxg4 45. a6 Rc5 46. Be2 Rf5
47. Bd3 Ke5 48. Bxe4 Kxe4 49. Re7 Ra5 50. Rxe6+ Kf5 51. Rb6 Ra1 52. Rc6 Kg5 53.
f4+ Kf5 54. Kf2 Ke4 55. Ke2 Ra2+ 56. Kd1 Ra3 57. Kc2 1-0

[Event "BL 1112 Schachfr. Berlin - SV Hockenhei"]
[Site "?"]
[Date "2012.02.26"]
[Round "11.6"]
[White "Polzin, Rainer"]
[Black "Boguslavsky, Oleg"]
[Result "1-0"]
[WhiteElo "2469"]
[BlackElo "2467"]
[PlyCount "67"]
[EventDate "2012.??.??"]

1. e4 e5 2. Nf3 Nc6 3. Bb5 a6 4. Ba4 Nf6 5. O-O Be7 6. Re1 b5 7. Bb3 O-O 8. d4
Nxd4 9. Nxd4 exd4 10. e5 Ne8 11. c3 dxc3 12. Nxc3 d6 13. Qf3 Be6 14. Nd5 Bxd5
15. Bxd5 Rb8 16. Be3 c5 17. Rad1 Qc7 18. e6 fxe6 19. Bxe6+ Kh8 20. Qh3 g6 21.
Bd5 Bf6 22. Re2 Be5 23. Rde1 Ng7 24. Bh6 Qc8 25. g4 c4 26. Qh4 Qc5 27. Be4 Rf6
28. Be3 Qc7 29. f4 Rxf4 30. Bxf4 Bxf4 31. Bxg6 Qc5+ 32. Kg2 h6 33. Qf6 Bg5 34.
Re8+ 1-0

[Event "BL 1112 Schachfr. Berlin - SV Hockenhei"]
[Site "?"]
[Date "2012.02.26"]
[Round "11.7"]
[White "Ribli, Zoltan"]
[Black "Thiede, Lars"]
[Result "1/2-1/2"]
[WhiteElo "2588"]
[BlackElo "2458"]
[PlyCount "116"]
[EventDate "2012.??.??"]

1. Nf3 Nf6 2. c4 c5 3. Nc3 g6 4. e4 d6 5. d4 Bg7 6. Be2 Bg4 7. d5 O-O 8. O-O
Na6 9. h3 Bxf3 10. Bxf3 Nc7 11. Be3 Rb8 12. a4 a6 13. Be2 e5 14. Rb1 a5 15. Qd2
Nd7 16. Rbe1 Ne8 17. Nb5 Ra8 18. g3 Kh8 19. Kh2 Nb6 20. b3 Nc7 21. Nc3 Nd7 22.
Bd1 b6 23. Ne2 Ne8 24. Bc2 Qe7 25. Kg2 Rd8 26. h4 h5 27. Ng1 Ra8 28. Nh3 Nef6
29. Bg5 Qe8 30. Qd1 Nh7 31. Bd2 Qe7 32. f3 Rae8 33. Rh1 Ndf6 34. Rhf1 Qd8 35.
Bc3 Nd7 36. Qa1 Rg8 37. Re2 Qe7 38. Qe1 Rgf8 39. Qb1 Rg8 40. Qe1 Bf6 41. Rh1
Bg7 42. Qd2 Qf8 43. Ng5 Re7 44. Qc1 Bh6 45. f4 Bg7 46. f5 gxf5 47. Nxh7 Kxh7
48. Qg5 f4 49. Qf5+ Kh8 50. gxf4 Bh6+ 51. Kf1 f6 52. Rg1 Rxg1+ 53. Kxg1 Rg7+
54. Rg2 Rxg2+ 55. Kxg2 Qg7+ 56. Kf1 Qg3 57. Qxd7 Qf3+ 58. Kg1 Qg3+ 1/2-1/2

[Event "BL 1112 USV TU Dresden - OSG Baden Bade"]
[Site "?"]
[Date "2012.02.26"]
[Round "11.5"]
[White "Gustafsson, Jan"]
[Black "Hoffmann, Paul"]
[Result "1-0"]
[WhiteElo "2631"]
[BlackElo "2317"]
[PlyCount "45"]
[EventDate "2012.??.??"]

1. c4 e5 2. g3 Nf6 3. Bg2 Nc6 4. Nc3 g6 5. Nf3 Bg7 6. O-O O-O 7. d4 exd4 8.
Nxd4 Ng4 9. e3 Nxd4 10. exd4 d6 11. h3 Nh6 12. g4 f5 13. g5 f4 14. gxh6 Bxh6
15. f3 Rf5 16. Ne4 Bg7 17. d5 Qh4 18. Bd2 Bd4+ 19. Kh2 Qh6 20. Bc3 Be3 21. Bd4
Qh4 22. Bxe3 fxe3 23. Qe1 1-0

[Event "BL 1112 USV TU Dresden - OSG Baden Bade"]
[Site "?"]
[Date "2012.02.26"]
[Round "11.6"]
[White "Seifert, Volker"]
[Black "Dautov, Rustem"]
[Result "1/2-1/2"]
[WhiteElo "2319"]
[BlackElo "2603"]
[PlyCount "171"]
[EventDate "2012.??.??"]

1. d4 d5 2. c4 c6 3. Nc3 Nf6 4. e3 a6 5. Qc2 b5 6. b3 Bg4 7. Nge2 Nbd7 8. h3
Bh5 9. Nf4 Bg6 10. Nxg6 hxg6 11. Be2 e6 12. O-O Bd6 13. e4 b4 14. exd5 bxc3 15.
dxc6 Nb8 16. Bf3 Qc7 17. d5 O-O 18. Be3 exd5 19. cxd5 Rd8 20. Rfd1 a5 21. Rab1
Na6 22. Qxc3 Nb4 23. Qc4 Nxa2 24. Ra1 Nb4 25. g4 Rdb8 26. Ra4 Ne8 27. Kg2 Qd8
28. g5 Nc7 29. h4 Rb5 30. Rh1 Nbxd5 31. Bxd5 Rxd5 32. h5 Rxg5+ 33. Bxg5 Qxg5+
34. Qg4 Qd5+ 35. Qf3 Qxf3+ 36. Kxf3 gxh5 37. Rxh5 Rb8 38. Rd4 g6 39. Rxa5 Bb4
40. Ra4 Bc5 41. Rd3 Rb6 42. b4 Rxb4 43. Rxb4 Bxb4 44. Rb3 Bd6 45. Rd3 Bh2 46.
Ke4 Ne6 47. Rd1 Kg7 48. Ra1 Kf6 49. Ra7 Bc7 50. Ra1 Ke7 51. Rd1 Bd6 52. Kd5
Nc7+ 53. Kc4 Ke6 54. Re1+ Kf5 55. Rd1 Ke5 56. Rd3 g5 57. Re3+ Kf4 58. Rd3 Be5
59. Kc5 g4 60. Rd7 f6 61. Rd3 Ke4 62. Re3+ Kf5 63. Kc4 Ke6 64. Rd3 Kf5 65. Ra3
Ke4 66. Re3+ Kf4 67. Rd3 f5 68. Re3 Bd6 69. Rd3 Ke5 70. Re3+ Kf4 71. Rd3 Ke5
72. Re3+ Kf6 73. Rd3 Ke6 74. Re3+ Be5 75. f4 gxf3 76. Rxf3 f4 77. Ra3 Kf5 78.
Kd3 Nd5 79. Rb3 f3 80. Rb7 Kg4 81. Ke4 f2 82. Rb1 Nc3+ 83. Kxe5 Nxb1 84. c7
f1=Q 85. c8=Q+ Kg3 86. Qb8 1/2-1/2

[Event "BL 1112 USV TU Dresden - OSG Baden Bade"]
[Site "?"]
[Date "2012.02.26"]
[Round "11.7"]
[White "Schlosser, Philipp"]
[Black "Andresen, Steffen"]
[Result "1-0"]
[WhiteElo "2591"]
[BlackElo "2298"]
[PlyCount "35"]
[EventDate "2012.??.??"]

1. Nf3 Nf6 2. c4 b6 3. g3 Bb7 4. Bg2 e6 5. O-O Be7 6. d4 O-O 7. Re1 d5 8. cxd5
exd5 9. Nc3 Ne4 10. Qc2 Bf6 11. Bf4 c5 12. dxc5 Nxc3 13. bxc3 bxc5 14. Rab1 Ba6
15. Red1 Re8 16. Ng5 Bxg5 17. Rxd5 Nd7 18. Bxg5 1-0

[Event "BL 1112 USV TU Dresden - OSG Baden Bade"]
[Site "?"]
[Date "2012.02.26"]
[Round "11.8"]
[White "Salzmann, Peter"]
[Black "Heimann, Andreas"]
[Result "1/2-1/2"]
[WhiteElo "2202"]
[BlackElo "2485"]
[PlyCount "66"]
[EventDate "2012.??.??"]

1. d4 Nf6 2. Nf3 g6 3. c3 Bg7 4. Bf4 d6 5. e3 Nbd7 6. Nbd2 O-O 7. Bc4 Qe8 8. h3
e5 9. dxe5 dxe5 10. Bh2 e4 11. Nd4 Ne5 12. Qb3 c5 13. Nb5 Qe7 14. a4 Nxc4 15.
Nxc4 Ne8 16. Ncd6 a6 17. Nxc8 Rxc8 18. Na3 Nd6 19. Rd1 Be5 20. Bxe5 Qxe5 21.
Qd5 Qxd5 22. Rxd5 Rc6 23. Ke2 Re8 24. Rhd1 Re6 25. R1d2 b6 26. b4 cxb4 27. cxb4
Rc3 28. Rxd6 Rxd6 29. Rxd6 Rxa3 30. Rxb6 Rxa4 31. Kd2 Ra2+ 32. Kc3 Kg7 33. g4
a5 1/2-1/2

[Event "BL 1112 SK König Tegel - SG Turm Trier"]
[Site "?"]
[Date "2012.02.26"]
[Round "11.1"]
[White "Lupulescu, Constantin"]
[Black "Rabiega, Robert"]
[Result "1/2-1/2"]
[WhiteElo "2655"]
[BlackElo "2501"]
[PlyCount "125"]
[EventDate "2012.??.??"]

1. c4 e5 2. g3 Nf6 3. Bg2 d5 4. cxd5 Nxd5 5. Nc3 Nb6 6. Nf3 Nc6 7. O-O Be7 8.
a3 O-O 9. b4 Be6 10. d3 f6 11. Nd2 Nd5 12. Bb2 Nxc3 13. Bxc3 Bd5 14. Bxd5+ Qxd5
15. Qb3 Qxb3 16. Nxb3 a6 17. Rfc1 Rfd8 18. Bd2 Rd7 19. Be3 Nd8 20. Na5 Bd6 21.
Rab1 c6 22. Nc4 Bc7 23. a4 Rd5 24. Bb6 Rc8 25. b5 axb5 26. axb5 cxb5 27. Ne3
Rd7 28. Rxb5 Nc6 29. Nc4 Ra8 30. Be3 Bd8 31. Rcb1 Rb8 32. Bc5 Be7 33. Nb6 Rc7
34. Nd5 Rd7 35. Nb6 Rc7 36. Be3 Bf8 37. Nc4 Rd7 38. Kf1 g5 39. Rb6 Rc7 40. g4
Kf7 41. Kg2 Be7 42. Kf3 Kg6 43. Ke4 h5 44. h3 Bf8 45. R1b2 h4 46. R6b5 Rd7 47.
Nb6 Rdd8 48. Nd5 Rd7 49. Nb6 Rc7 50. Nd5 Rd7 51. Nc3 Nd8 52. Rb6 Rc8 53. Nd5
Rc6 54. Ra2 Ne6 55. Ra7 Rxb6 56. Nxb6 Rc7 57. Nd5 Rc2 58. Rxb7 Rxe2 59. Rb6 Kf7
60. Rb7+ Kg6 61. Rb6 Kf7 62. Rb7+ Kg6 63. Rb6 1/2-1/2

[Event "BL 1112 SK König Tegel - SG Turm Trier"]
[Site "?"]
[Date "2012.02.26"]
[Round "11.2"]
[White "Stern, Rene"]
[Black "Howell, David W L"]
[Result "1/2-1/2"]
[WhiteElo "2506"]
[BlackElo "2633"]
[PlyCount "61"]
[EventDate "2012.??.??"]

1. d4 Nf6 2. c4 g6 3. Nc3 d5 4. Nf3 Bg7 5. e3 O-O 6. h3 c5 7. dxc5 Ne4 8. Bd2
Nxc3 9. Bxc3 Bxc3+ 10. bxc3 Qa5 11. cxd5 Qxc3+ 12. Nd2 Qxc5 13. Nb3 Qd6 14. Be2
Rd8 15. O-O Qe5 16. Rc1 Nd7 17. Qd4 Qxd4 18. Nxd4 Nf6 19. Bf3 Nxd5 20. Rc5 e6
21. Bxd5 exd5 22. Rc7 Kf8 23. Rfc1 Rb8 24. R1c5 b6 25. Rc3 Ra8 26. Nc6 Rd7 27.
Nxa7 Rxa7 28. Rxc8+ Kg7 29. Rb8 Rxa2 30. Rxb6 d4 31. exd4 1/2-1/2

[Event "BL 1112 SK König Tegel - SG Turm Trier"]
[Site "?"]
[Date "2012.02.26"]
[Round "11.3"]
[White "Bobras, Piotr"]
[Black "Richter, Michael"]
[Result "1-0"]
[WhiteElo "2544"]
[BlackElo "2484"]
[PlyCount "45"]
[EventDate "2012.??.??"]

1. e4 e6 2. d4 d5 3. Nc3 Nf6 4. e5 Nfd7 5. f4 c5 6. Nf3 Nc6 7. Be3 Be7 8. Qd2
O-O 9. dxc5 Nxc5 10. O-O-O Qa5 11. Kb1 Bd7 12. Nxd5 exd5 13. Qxa5 Nxa5 14. Bxc5
Bxc5 15. Rxd5 Be3 16. Rxd7 Rad8 17. Bb5 Rxd7 18. Bxd7 Bxf4 19. g3 Bh6 20. Rd1
Rd8 21. e6 Kf8 22. Ne5 f6 23. Nf7 1-0

[Event "BL 1112 SK König Tegel - SG Turm Trier"]
[Site "?"]
[Date "2012.02.26"]
[Round "11.4"]
[White "Muse, Mladen"]
[Black "Cyborowski, Lukasz"]
[Result "1/2-1/2"]
[WhiteElo "2443"]
[BlackElo "2543"]
[PlyCount "85"]
[EventDate "2012.??.??"]

1. d4 Nf6 2. Nf3 e6 3. e3 d5 4. c4 c5 5. Nc3 a6 6. cxd5 exd5 7. Be2 Nc6 8. O-O
cxd4 9. exd4 Be7 10. Ne5 O-O 11. Nxc6 bxc6 12. Be3 Bd6 13. Bg5 Re8 14. Bh4 Rb8
15. b3 Qa5 16. Bxf6 Qxc3 17. Bg5 Ba3 18. Bf4 Ra8 19. Bd3 Bb2 20. Rb1 Qxd4 21.
Be3 Qc3 22. Qe2 Ba3 23. b4 d4 24. Rb3 Qxb3 25. axb3 dxe3 26. fxe3 g6 27. Bc4
Be6 28. Qf3 Ra7 29. Qxc6 Rae7 30. Qxa6 Bxb4 31. Bxe6 Rxe6 32. Qb7 Be7 33. Rf3
Rd8 34. g3 Rd3 35. Kg2 Kg7 36. Qb5 Rdd6 37. Qc4 Rc6 38. Qd3 Bf6 39. b4 Red6 40.
Qe4 Re6 41. Qb1 Rb6 42. Kf2 Rb5 43. Rf4 1/2-1/2

[Event "BL 1112 SK König Tegel - SG Turm Trier"]
[Site "?"]
[Date "2012.02.26"]
[Round "11.5"]
[White "Haslinger, Stewart"]
[Black "Von Herman, Ulf"]
[Result "1-0"]
[WhiteElo "2542"]
[BlackElo "2419"]
[PlyCount "128"]
[EventDate "2012.??.??"]

1. e4 c6 2. d4 d5 3. e5 Bf5 4. Nf3 e6 5. Be2 Ne7 6. O-O Nd7 7. Nbd2 Nc8 8. a4
Be7 9. a5 a6 10. Nb3 O-O 11. Be3 Bg6 12. Ne1 Na7 13. f4 Nb5 14. Bd3 Bxd3 15.
Nxd3 f5 16. c3 Rb8 17. Qe2 Rf7 18. Qf2 Nc7 19. h3 Ne8 20. Kh1 g6 21. Rfc1 Ng7
22. Nd2 Nf8 23. g3 Qc7 24. Qg2 Nd7 25. b4 Bd8 26. c4 Nf8 27. Nc5 Qe7 28. Nf3
Qe8 29. Qe2 dxc4 30. Nd2 Bc7 31. Nxc4 Qd8 32. Qf3 h6 33. Kh2 g5 34. Rg1 Ng6 35.
Rad1 Kh7 36. Bc1 Qd5 37. Qxd5 cxd5 38. Nb2 Bd8 39. Nbd3 Ra8 40. Bd2 gxf4 41.
gxf4 Nh4 42. Kg3 Ng6 43. Rb1 b6 44. axb6 Bxb6 45. Ra1 Rfa7 46. Ra4 Ne7 47. Kf3
Nc6 48. Ke3 Nb8 49. Ra2 Nc6 50. Bc3 Nb8 51. Rag2 Re7 52. Be1 Raa7 53. Bh4 Re8
54. Rg6 Nc6 55. Be1 Rae7 56. Bc3 Ra8 57. Rf6 a5 58. b5 Na7 59. Na4 Rb8 60. Nxb6
Rxb6 61. Bxa5 Rxb5 62. Bb4 Reb7 63. Bf8 Nc6 64. Rfg6 R5b6 1-0

[Event "BL 1112 SK König Tegel - SG Turm Trier"]
[Site "?"]
[Date "2012.02.26"]
[Round "11.6"]
[White "Fruebing, Stefan"]
[Black "Gordon, Stephen"]
[Result "0-1"]
[WhiteElo "2373"]
[BlackElo "2535"]
[PlyCount "102"]
[EventDate "2012.??.??"]

1. e4 c5 2. Nf3 d6 3. d4 cxd4 4. Nxd4 Nf6 5. Nc3 a6 6. Be3 e5 7. Nf3 Qc7 8. a4
Nbd7 9. a5 Nc5 10. Nd2 Be6 11. Bg5 Ncd7 12. Nb3 Qc6 13. Bd3 d5 14. exd5 Nxd5
15. Be4 Nxc3 16. Bxc6 Nxd1 17. Bxd7+ Kxd7 18. Rxd1+ Kc6 19. O-O Bb4 20. Bd2
Bxd2 21. Nxd2 Rhd8 22. Ne4 Bf5 23. f3 f6 24. Kf2 Bxe4 25. fxe4 Kb5 26. Ke3 Kxa5
27. Rd5+ Rxd5 28. exd5 Kb5 29. Ke4 Kc5 30. Rf3 Rd8 31. Rc3+ Kd6 32. g4 Rd7 33.
Rc8 Rc7 34. Rd8+ Ke7 35. Rb8 Rc4+ 36. Ke3 Rb4 37. c4 Rxc4 38. Rxb7+ Kd6 39.
Rxg7 Kxd5 40. h3 h5 41. gxh5 Rh4 42. Kf3 Rxh5 43. Rd7+ Ke6 44. Ra7 Kf5 45. Kg3
Rg5+ 46. Kf2 Kf4 47. Rxa6 f5 48. b4 Rg3 49. Rh6 Rb3 50. Rh4+ Kg5 51. Rc4 Rxh3
0-1

[Event "BL 1112 SK König Tegel - SG Turm Trier"]
[Site "?"]
[Date "2012.02.26"]
[Round "11.7"]
[White "Sanikidze, Tornike"]
[Black "Sarbok, Torsten"]
[Result "1-0"]
[WhiteElo "2530"]
[BlackElo "2349"]
[PlyCount "89"]
[EventDate "2012.??.??"]

1. d4 d5 2. Nf3 Bf5 3. c4 dxc4 4. Nc3 Nf6 5. e3 Bd3 6. Bxd3 cxd3 7. Qb3 Qc8 8.
e4 e6 9. Bf4 Be7 10. Rc1 O-O 11. O-O Na6 12. Qc4 Rd8 13. Qxd3 c5 14. Rfd1 cxd4
15. Nd5 Qd7 16. Nxe7+ Qxe7 17. e5 Nd5 18. Bg5 f6 19. Bh4 Nab4 20. Qc4 b5 21.
Qxb5 Nxa2 22. Ra1 Nab4 23. Nxd4 Qf7 24. exf6 gxf6 25. Rd2 Rac8 26. Rad1 Rd7 27.
Qe2 Re8 28. h3 Kh8 29. Qf3 Red8 30. Qg4 Re8 31. Re1 Rde7 32. Qf3 Rg8 33. Bg3
Rd8 34. Bh4 Rg8 35. Rde2 Rge8 36. Bg3 e5 37. Nf5 Re6 38. Rd1 e4 39. Qb3 e3 40.
Nxe3 Qh5 41. Rde1 a5 42. Kh2 Qg6 43. Nxd5 Rxe2 44. Rxe2 Rxe2 45. Nf4 1-0

[Event "BL 1112 SK König Tegel - SG Turm Trier"]
[Site "?"]
[Date "2012.02.26"]
[Round "11.8"]
[White "Kachibadze, Georg"]
[Black "Cioara, Andrei Nestor"]
[Result "0-1"]
[WhiteElo "2340"]
[BlackElo "2436"]
[PlyCount "74"]
[EventDate "2012.??.??"]

1. e4 e6 2. d4 d5 3. Nc3 Bb4 4. exd5 exd5 5. Bd3 Nc6 6. a3 Bxc3+ 7. bxc3 Nce7
8. Ne2 Bf5 9. Ng3 Bg6 10. Nh5 Bxh5 11. Qxh5 Nf6 12. Qf3 O-O 13. O-O Re8 14. Bg5
Ne4 15. Bxe4 dxe4 16. Qxe4 Qd5 17. Qxd5 Nxd5 18. c4 Nc3 19. Be3 c5 20. d5 Re4
21. Rfe1 Rxc4 22. d6 Rd8 23. g3 f6 24. Bf4 g5 25. Re7 gxf4 26. Rae1 Rd4 27.
Rxb7 f3 28. h4 Ne2+ 29. Kh2 R8xd6 30. Rxa7 Rd1 31. Rxd1 Rxd1 32. a4 Rf1 33. a5
Rxf2+ 34. Kh3 h5 35. g4 Ng1+ 36. Kg3 Rg2+ 37. Kf4 f2 0-1

[Event "BL 1112 Werder Bremen - SG Solingen"]
[Site "?"]
[Date "2012.02.26"]
[Round "11.4"]
[White "Areshchenko, Alexander"]
[Black "L'Ami, Erwin"]
[Result "1/2-1/2"]
[WhiteElo "2672"]
[BlackElo "2592"]
[PlyCount "81"]
[EventDate "2012.??.??"]

1. e4 e5 2. Nf3 Nc6 3. Bb5 a6 4. Ba4 Nf6 5. d3 d6 6. c3 g6 7. O-O Bg7 8. Nbd2
O-O 9. Re1 b5 10. Bc2 Nd7 11. Nf1 Nb6 12. Bg5 Qe8 13. Be3 Rb8 14. Bxb6 Rxb6 15.
Ne3 f5 16. a4 Rb8 17. axb5 axb5 18. exf5 gxf5 19. d4 e4 20. Ng5 Ne7 21. Ra7 Qg6
22. f4 Rb7 23. Bb3+ Kh8 24. Qa1 h6 25. Rxb7 Bxb7 26. Ne6 Ra8 27. Qd1 c6 28.
Nxg7 Kxg7 29. Qe2 d5 30. Qf1 Qd6 31. Nc2 Bc8 32. g3 Bd7 33. Ra1 Qb8 34. Kf2 Ng8
35. Rxa8 Qxa8 36. Ne3 Nf6 37. h3 h5 38. Ng2 Qa7 39. Qd1 Kg6 40. Ke3 Kh6 41. Kf2
1/2-1/2

[Event "BL 1112 Werder Bremen - SG Solingen"]
[Site "?"]
[Date "2012.02.26"]
[Round "11.7"]
[White "Naumann, Alexander"]
[Black "Rapport, Richard"]
[Result "1/2-1/2"]
[WhiteElo "2546"]
[BlackElo "2547"]
[PlyCount "68"]
[EventDate "2012.??.??"]

1. d4 Nf6 2. c4 g6 3. Nf3 Bg7 4. g3 O-O 5. Bg2 d6 6. O-O Nc6 7. Nc3 Rb8 8. h3
Bf5 9. d5 Na5 10. Nd2 c5 11. e4 Bd7 12. Qc2 a6 13. b3 b5 14. Rb1 Nh5 15. Bb2 e5
16. Ne2 f5 17. f4 bxc4 18. bxc4 Rxb2 19. Rxb2 exf4 20. gxf4 fxe4 21. Nxe4 Qh4
22. Rbb1 Bxh3 23. Bxh3 Qxh3 24. Rf2 Qe3 25. Kg2 Bd4 26. Rf3 Nxc4 27. Nxd6 Rxf4
28. Nxf4 Nxf4+ 29. Rxf4 Qxf4 30. Nxc4 Qg4+ 31. Kh2 Qh4+ 32. Kg2 Qg4+ 33. Kh2
Qh4+ 34. Kg2 Qg4+ 1/2-1/2

[Event "BL 1112 Werder Bremen - SG Solingen"]
[Site "?"]
[Date "2012.02.26"]
[Round "11.8"]
[White "Babula, Vlastimil"]
[Black "Hoffmann, Michael"]
[Result "1/2-1/2"]
[WhiteElo "2572"]
[BlackElo "2496"]
[PlyCount "71"]
[EventDate "2012.??.??"]

1. d4 Nf6 2. c4 g6 3. Nc3 d5 4. Nf3 Bg7 5. cxd5 Nxd5 6. e4 Nxc3 7. bxc3 c5 8.
Be3 Qa5 9. Nd2 cxd4 10. Nc4 Qd8 11. cxd4 O-O 12. Rc1 f5 13. Qb3 Kh8 14. Ne5
Bxe5 15. dxe5 Nc6 16. Rd1 Qa5+ 17. Bd2 Qb6 18. Bc4 fxe4 19. O-O Qxb3 20. axb3
Bg4 21. Rde1 Rfd8 22. Bc3 Bf5 23. h3 Nd4 24. Rd1 b5 25. Rxd4 bxc4 26. Rxc4 Rab8
27. Ra1 Rb7 28. Rb4 Rdb8 29. Rxb7 Rxb7 30. b4 Kg7 31. Bd2 Kf7 32. Be3 Rxb4 33.
Rxa7 Bc8 34. Rc7 Ba6 35. h4 Rb7 36. Rxb7 1/2-1/2

[Event "BL 1112 Turm Emsdetten - SC Remagen"]
[Site "?"]
[Date "2012.02.26"]
[Round "11.2"]
[White "Mchedlishvili, Mikheil"]
[Black "Parligras, Mircea"]
[Result "1/2-1/2"]
[WhiteElo "2623"]
[BlackElo "2625"]
[PlyCount "40"]
[EventDate "2012.??.??"]

1. Nf3 Nf6 2. d4 e6 3. c4 d5 4. g3 Bb4+ 5. Bd2 Be7 6. Bg2 c6 7. O-O Nbd7 8. Bf4
dxc4 9. a4 Nd5 10. Nfd2 Nxf4 11. gxf4 Qc7 12. e3 O-O 13. Nxc4 b6 14. Nc3 Bb7
15. Qc2 Rad8 16. Rfd1 Bb4 17. Ne2 Be7 18. Nc3 Bb4 19. Ne2 Be7 20. Nc3 Bb4
1/2-1/2

[Event "BL 1112 Turm Emsdetten - SC Remagen"]
[Site "?"]
[Date "2012.02.26"]
[Round "11.5"]
[White "Dgebuadze, Alexandre"]
[Black "Hector, Jonny"]
[Result "0-1"]
[WhiteElo "2544"]
[BlackElo "2575"]
[PlyCount "100"]
[EventDate "2012.??.??"]

1. e4 e5 2. Nf3 Nc6 3. Bc4 Nf6 4. d3 Bc5 5. O-O O-O 6. c3 d6 7. b4 Bb6 8. Nbd2
Ne7 9. Bb3 c6 10. Nc4 Bc7 11. Bg5 Ng6 12. Nh4 d5 13. exd5 cxd5 14. Ne3 Nf4 15.
Nf3 d4 16. cxd4 exd4 17. Bxf4 Bxf4 18. Nc2 a5 19. Ncxd4 axb4 20. Ne2 Bb8 21.
Rc1 Bg4 22. Ng3 Nd5 23. Ne4 h6 24. h3 Bh5 25. d4 Bg6 26. Nfd2 Kh8 27. Re1 Ra6
28. Qf3 Rc6 29. Nf1 Nf4 30. d5 Rxc1 31. Rxc1 Bxe4 32. Qxe4 Re8 33. Qc2 Ne2+ 34.
Kh1 Nxc1 35. Qxc1 Qf6 36. Kg1 Ba7 37. Qc2 g6 38. d6 Rd8 39. Ng3 Qxd6 40. Ne4
Qe7 41. g3 Rd4 42. Nd2 Qe2 43. Nf1 Qxc2 44. Bxc2 Rc4 45. Bb3 Re4 46. Nh2 Re2
47. Ng4 h5 48. Kf1 Rb2 49. Ne5 Rxf2+ 50. Ke1 Kg7 0-1

[Event "BL 1112 Turm Emsdetten - SC Remagen"]
[Site "?"]
[Date "2012.02.26"]
[Round "11.6"]
[White "Brandenburg, Daan"]
[Black "Bok, Benjamin"]
[Result "1/2-1/2"]
[WhiteElo "2522"]
[BlackElo "2488"]
[PlyCount "48"]
[EventDate "2012.??.??"]

1. e4 e5 2. Nf3 Nc6 3. Bc4 Bc5 4. c3 Nf6 5. d3 d6 6. Bb3 a6 7. O-O Ba7 8. Nbd2
O-O 9. h3 Be6 10. Re1 Bxb3 11. axb3 Nd7 12. Nf1 f5 13. exf5 Rxf5 14. Ng3 Rf8
15. Be3 Qf6 16. Bxa7 Rxa7 17. Ra4 Qf7 18. Rh4 h6 19. b4 Raa8 20. Qd2 Rae8 21.
d4 d5 22. dxe5 Ndxe5 23. Nxe5 Nxe5 24. b3 c6 1/2-1/2

[Event "BL 1112 Turm Emsdetten - SC Remagen"]
[Site "?"]
[Date "2012.02.26"]
[Round "11.7"]
[White "Michiels, Bart"]
[Black "Janssen, Ruud"]
[Result "1/2-1/2"]
[WhiteElo "2501"]
[BlackElo "2498"]
[PlyCount "43"]
[EventDate "2012.??.??"]

1. d4 Nf6 2. c4 e6 3. Nc3 Bb4 4. Qc2 c5 5. dxc5 O-O 6. a3 Bxc5 7. Nf3 Nc6 8.
Bg5 Nd4 9. Nxd4 Bxd4 10. e3 Be5 11. Bd3 h6 12. Bh4 d5 13. f4 Bxc3+ 14. Qxc3
dxc4 15. Bxc4 Bd7 16. Bxf6 Qxf6 17. Qxf6 gxf6 18. Kf2 Rac8 19. Rac1 Rfd8 20.
Bb3 Kf8 21. Rhd1 Ke7 22. g3 1/2-1/2

[Event "BL 1112 Turm Emsdetten - SC Remagen"]
[Site "?"]
[Date "2012.02.26"]
[Round "11.8"]
[White "Pruijssers, Roeland"]
[Black "Teske, Henrik"]
[Result "1/2-1/2"]
[WhiteElo "2475"]
[BlackElo "2547"]
[PlyCount "82"]
[EventDate "2012.??.??"]

1. e4 e5 2. Nf3 Nf6 3. Nxe5 d6 4. Nf3 Nxe4 5. Nc3 Nxc3 6. dxc3 Nc6 7. Bf4 Bg4
8. Qd2 Qd7 9. O-O-O Be7 10. h3 Bxf3 11. gxf3 O-O-O 12. Be3 g6 13. f4 Bf6 14. h4
Kb8 15. Bh3 Qe8 16. Rhe1 Ne7 17. Bd4 Bxd4 18. Qxd4 f5 19. Qf6 Rd7 20. h5 Qd8
21. Re6 Nc6 22. Rd3 Rf8 23. Qxd8+ Nxd8 24. Re1 Kc8 25. Rg3 Rg7 26. Kd2 Kd7 27.
Reg1 Rf6 28. Bf1 Ne6 29. Ke3 c6 30. c4 Re7 31. hxg6 hxg6 32. Bd3 Rff7 33. Kf3
Nd4+ 34. Kg2 Ne6 35. Kf3 Nd4+ 36. Kg2 Ne6 37. Kf3 Rf6 38. Rh1 Nd4+ 39. Kg2 Ne6
40. Kf3 Nd4+ 41. Kg2 Ne6 1/2-1/2